The professional practice of architectural detailing / (Record no. 5815)

MARC details
000 -LEADER
fixed length control field 01074cam a2200313 i 4500
001 - CONTROL NUMBER
control field 358275
003 - CONTROL NUMBER IDENTIFIER
control field OSt
005 - DATE AND TIME OF LATEST TRANSACTION
control field 20260429101811.0
008 - FIXED-LENGTH DATA ELEMENTS--GENERAL INFORMATION
fixed length control field 770422s1977 nyua 001 0 eng
010 ## - LIBRARY OF CONGRESS CONTROL NUMBER
LC control number 77007658
020 ## - INTERNATIONAL STANDARD BOOK NUMBER
International Standard Book Number 047191715X
035 ## - SYSTEM CONTROL NUMBER
System control number 358275
040 ## - CATALOGING SOURCE
Original cataloging agency DLC
Transcribing agency Foundation University
050 00 - LIBRARY OF CONGRESS CALL NUMBER
Classification number NA2718
Item number .W34 1977
100 1# - MAIN ENTRY--PERSONAL NAME
Personal name Wakita, Osamu A.
9 (RLIN) 15700
245 14 - TITLE STATEMENT
Title The professional practice of architectural detailing /
Statement of responsibility, etc. Osamu A. Wakita, Richard M. Linde.
260 ## - PUBLICATION, DISTRIBUTION, ETC.
Place of publication, distribution, etc. New York :
Name of publisher, distributor, etc. Wiley,
Date of publication, distribution, etc. c1977.
264 ## - PRODUCTION, PUBLICATION, DISTRIBUTION, MANUFACTURE, AND COPYRIGHT NOTICE
Copyright Date 1977
300 ## - PHYSICAL DESCRIPTION
Extent ix, 392 p. :
Other physical details ill. ;
Dimensions 28 cm.
Materials specified books
Type of unit books
336 ## - CONTENT TYPE
Content type term text
Content type code txt
Source rdacontent
Materials specified books
337 ## - MEDIA TYPE
Media type term unmediated
Media type code n
Source rdamedia
Materials specified books
338 ## - CARRIER TYPE
Carrier type term volume
Carrier type code nc
Source rdacarrier
Materials specified books
500 ## - GENERAL NOTE
General note Includes index.
650 #0 - SUBJECT ADDED ENTRY--TOPICAL TERM
Topical term or geographic name entry element Architectural drawing
General subdivision Detailing.
9 (RLIN) 15701
700 1# - ADDED ENTRY--PERSONAL NAME
Personal name Linde, Richard M.,
Relator term joint author.
9 (RLIN) 15702
906 ## - LOCAL DATA ELEMENT F, LDF (RLIN)
a 7
b cbc
c orignew
d 1
e ocip
f 19
g y-gencatlg
942 ## - ADDED ENTRY ELEMENTS (KOHA)
Source of classification or shelving scheme Library of Congress Classification
Koha item type Books
Classification part NA 2850
Item part .1981 I57
Call number prefix (DAFA-Arch)
Holdings
Withdrawn status Lost status Source of classification or shelving scheme Damaged status Not for loan Collection code Home library Current library Shelving location Date acquired Source of acquisition Total Checkouts Full call number Barcode Date last seen Price effective from Koha item type Accession Number
    Library of Congress Classification     Non-fiction Foundation University Library Foundation University Library DoArchitecture & Fine Arts 04/29/2026 Donations   (DAFA-Arch) NA 2718 .1977 W34 0052026003009 04/29/2026 04/29/2026 Books DAFA-Archi-2026009